| 000 | 01041nam a2200313 c 4500 | ||
|---|---|---|---|
| 999 |
_c29798 _d29798 |
||
| 003 | BLK | ||
| 005 | 20220228142047.0 | ||
| 008 | 180407b bul|||||r ||||||| ||bul|| | ||
| 010 | _aKNG00032423000 | ||
| 040 | _aBLK | ||
| 041 |
_aBUL _cBUL |
||
| 072 | 7 |
_2bullib _aЯ _xАвтографи |
|
| 072 | 7 |
_2bullib _aК _xКраезнание |
|
| 080 |
_aБългарска литература _b821.163.2 _x-31 _z821.163.2-31 |
||
| 100 | 1 |
_aТентениев, Никола _eпърви автор _9128383 |
|
| 139 |
_aТентениев, Никола _bТ 48 |
||
| 245 | 1 | 0 |
_aНито днес - нито утре _bРоман _cНикола Тентениев. |
| 257 | _aBGR | ||
| 260 |
_bРусе 22 _c1997 _fСилистра : Александър Ковачев |
||
| 300 |
_a256 с. _c20 см |
||
| 380 | _aX | ||
| 659 | _aК | ||
| 659 | _aЯ | ||
| 852 | _aЦб 194555 | ||
| 852 | _aК 821.163.2/Т 48 Н | ||
| 856 | 4 | _qpdf | |
| 856 | 4 | _qpdf | |
| 942 |
_cKNG _n0 _s1 |
||
| 944 |
_aCR _c15.01.2003 _kГеновева_Генчева |
||
| 944 |
_aED _c13.01.2016 _kМилена_Ачева |
||
| 999 | _d29798 | ||